=LDR 00000nam 2200000 4500 =001 INLIS000000000054189 =005 20191003021519 =035 ##$$a 0010-1019000005 =007 ta =008 191003###########################0###### =082 ##$$a 813 =084 ##$$a 813 Din s =245 ##$$a sebuah lorong dikotaku =260 ##$$a jakarta :$b gramedia =300 ##$$a 107 hlm. =990 ##$$a 14841484 =990 ##$$a 00093616